| 000 | 00451nam a22001337a 4500 | ||
|---|---|---|---|
| 020 | _a9780792398295 | ||
| 040 | _cNust | ||
| 082 |
_a621.395 _bMON'C |
||
| 100 |
_aJose Monterio _9127111 |
||
| 245 | _aComputer aided design techniques for lower power Sequential logic circuits | ||
| 260 |
_aBoston: _bKluwer academic publishers, _c1997. |
||
| 650 |
_aComputer aided design techniques for lower power Sequential logic circuits _9127112 |
||
| 942 |
_2ddc _cBK |
||
| 999 |
_c612399 _d612399 |
||